The ethological roots of culture

Αποθηκεύτηκε σε:
Λεπτομέρειες βιβλιογραφικής εγγραφής
Συγγραφή απο Οργανισμό/Αρχή: NATO Advanced Study Institute on the Ethological Roots of Culture
Άλλοι συγγραφείς: Gardner, R. Allen 1930- (Επιμελητής έκδοσης)
Μορφή: Πρακτικό Συνεδρίου Βιβλίο
Γλώσσα:English
Δημοσίευση: Dordecht : Kluwer Academic, 1994
Σειρά:Behavioural and social sciences ; 78
Θέματα:
Ετικέτες: Προσθήκη ετικέτας
Δεν υπάρχουν, Καταχωρήστε ετικέτα πρώτοι!

MARC

LEADER 00000nam a2200000 i 4500
001 1/26388
008 981217s1994 eng d
020 |a 0-7923-3127-3 
035 |l 10037567 
040 |a GR-MY-UA  |b gre  |e aacr 
041 0 |a eng 
082 0 |a 304.5 
245 1 4 |a The ethological roots of culture /  |c edited by R. Allen Gardner...[et al.] 
260 |a Dordecht :   |b Kluwer Academic,   |c 1994 
300 |a 474 p. 
490 1 |a Behavioural and social sciences  |v ; 78 
500 |a Proceedings of the NATO Advanced Study Institute on The Ethological Roots of Culture, Cortona Italy, June 21-July 3, 1992 
504 |a Includes bibliographical references and index 
650 0 0 |a Sociobiology  |x Congresses. 
650 0 0 |a Human evolution  |x Congresses. 
650 0 0 |a Culture  |x Origin  |x Congresses. 
700 1 |a Gardner, R. Allen  |d 1930-  |4 edt 
711 2 |a NATO Advanced Study Institute on the Ethological Roots of Culture  |d (1992  |c : Cortona, Italy) 
852 |a INST  |b LESVOS  |e 19981217  |h 304.5 ETH  |p 005100016830  |q 005100016830  |t BK  |y 0 
909 |a Λ  |b 061008 
922 |a 1ΕΛΗ  |b 199811  |c ΚΠΣ/ΤΠ  |d ΠΑΠΑΣΩΤΗΡΙΟΥ 
950 |a 117-1998-07-11